zpět

Detail výsledku týmu

Bar 22, Choceň

Datum a čas kvízu

52 Celkem bodů Celkový počet nahraných bodů na tomto kvízu bez doplňovacích otázek.
1. Pořadí na kvízu Konečné umístění týmu na tomto kvízu.

Zaznamenané odpovědi

# Otázka Odpověď Body Výsledky
1. Návštěvníci Pražského hradu mo... C) včelín 1
2. V nejmenované zemi se odehrála... v Indonésii 0
3. Ve kterém městě začal minulý t... ve Zlíně 1
4. Kvůli nařízení Evropské unie t... Alfa Romeo 1
5. V pondělí se v anglickém Brock... sýr 1
6. Kterým výrazem na písmeno M se... mixologie 1
7. Ernest Hemingway měl údajně v... Daiquiri 1
8. Oblíbenou složkou míchaných ná... pomeranči 1
9. Ve filmu Někdo to rád horké se... Manhattan 0
10. V poslední otázce se podíváme... Semafor 1